|
|
|
|
| LEADER |
03029nam a2200541 4500 |
| 001 |
978-3-030-10734-5 |
| 003 |
DE-He213 |
| 005 |
20191027132710.0 |
| 007 |
cr nn 008mamaa |
| 008 |
190131s2019 gw | s |||| 0|eng d |
| 020 |
|
|
|a 9783030107345
|9 978-3-030-10734-5
|
| 024 |
7 |
|
|a 10.1007/978-3-030-10734-5
|2 doi
|
| 040 |
|
|
|d GrThAP
|
| 050 |
|
4 |
|a HF5410-5417.5
|
| 072 |
|
7 |
|a KJS
|2 bicssc
|
| 072 |
|
7 |
|a BUS043000
|2 bisacsh
|
| 072 |
|
7 |
|a KJS
|2 thema
|
| 072 |
|
7 |
|a KJSM
|2 thema
|
| 082 |
0 |
4 |
|a 658.8
|2 23
|
| 100 |
1 |
|
|a Steinhardt, Gabriel.
|e author.
|4 aut
|4 http://id.loc.gov/vocabulary/relators/aut
|
| 245 |
1 |
0 |
|a Market-Value Pricing
|h [electronic resource] :
|b Definitions, Concepts, and Processes for Market-Value Centric Pricing /
|c by Gabriel Steinhardt.
|
| 250 |
|
|
|a 1st ed. 2019.
|
| 264 |
|
1 |
|a Cham :
|b Springer International Publishing :
|b Imprint: Springer,
|c 2019.
|
| 300 |
|
|
|a XIII, 52 p. 16 illus.
|b online resource.
|
| 336 |
|
|
|a text
|b txt
|2 rdacontent
|
| 337 |
|
|
|a computer
|b c
|2 rdamedia
|
| 338 |
|
|
|a online resource
|b cr
|2 rdacarrier
|
| 347 |
|
|
|a text file
|b PDF
|2 rda
|
| 490 |
1 |
|
|a SpringerBriefs in Business,
|x 2191-5482
|
| 505 |
0 |
|
|a Pricing Fundamentals -- Value Concept -- Pricing Influencers -- MVP Model -- Blackblot Market-Value Pricing™ Model Glossary -- Blackblot Market-Value Pricing™ (MVP) Model. .
|
| 520 |
|
|
|a This book highlights essential concepts, models, and processes that help those responsible for making pricing decisions - whether professionally or privately - to effectively engage in product pricing activities. Novel, straightforward and clearly structured, the Blackblot Market-Value Pricing™ Model (MVP Model), introduced in this book, employs a market-value-centric pricing process that offers step-by-step guidance on the managerial decisions that help determine a product's price. This intentionally succinct, highly readable, and practical book provides practitioners with the knowledge and tools they need in order to approach pricing activities in an organized and efficient manner. .
|
| 650 |
|
0 |
|a Marketing.
|
| 650 |
|
0 |
|a Business enterprises-Finance.
|
| 650 |
|
0 |
|a Management.
|
| 650 |
|
0 |
|a Industrial management.
|
| 650 |
|
0 |
|a Project management.
|
| 650 |
1 |
4 |
|a Marketing.
|0 http://scigraph.springernature.com/things/product-market-codes/513000
|
| 650 |
2 |
4 |
|a Business Finance.
|0 http://scigraph.springernature.com/things/product-market-codes/512000
|
| 650 |
2 |
4 |
|a Innovation/Technology Management.
|0 http://scigraph.springernature.com/things/product-market-codes/518000
|
| 650 |
2 |
4 |
|a Project Management.
|0 http://scigraph.springernature.com/things/product-market-codes/515020
|
| 710 |
2 |
|
|a SpringerLink (Online service)
|
| 773 |
0 |
|
|t Springer eBooks
|
| 776 |
0 |
8 |
|i Printed edition:
|z 9783030107338
|
| 776 |
0 |
8 |
|i Printed edition:
|z 9783030107352
|
| 830 |
|
0 |
|a SpringerBriefs in Business,
|x 2191-5482
|
| 856 |
4 |
0 |
|u https://doi.org/10.1007/978-3-030-10734-5
|z Full Text via HEAL-Link
|
| 912 |
|
|
|a ZDB-2-BUM
|
| 950 |
|
|
|a Business and Management (Springer-41169)
|